|
|
|
|
| LEADER |
01092nam a2200301 u 4500 |
| 001 |
10106365 |
| 003 |
upatras |
| 005 |
20210226164419.0 |
| 008 |
011115s eng |
| 020 |
|
|
|a 0 387 98959 5
|
| 040 |
|
|
|a Βιβλιοθήκη ΕΑΙΤΥ
|c Βιβλιοθήκη ΕΑΙΤΥ
|
| 040 |
|
|
|a XX-XxUND
|c Βιβλιοθήκη ΕΑΙΤΥ
|
| 082 |
0 |
4 |
|a 519.4
|
| 245 |
1 |
0 |
|a Numerical mathematics
|c Alfio Quarteroni, Riccardo Sacco, Fausto Saleri
|
| 260 |
|
|
|a New York
|b Springer
|c 2000
|
| 300 |
|
|
|a xx, 654 p., fig., tab.
|
| 500 |
|
|
|a Τμημα 2001
|
| 504 |
|
|
|a References pp.627-641
|
| 650 |
|
4 |
|a Αριθμητική ανάλυση
|9 65230
|
| 650 |
|
4 |
|a MATHEMATICS
|9 113018
|
| 650 |
|
4 |
|a Μαθηματικά
|9 104
|
| 700 |
1 |
|
|a Quarteroni, Alfio
|4 aut
|9 14403
|
| 700 |
1 |
|
|a Sacco, Riccardo
|4 aut
|9 72824
|
| 700 |
1 |
|
|a Saleri, Fausto
|4 aut
|9 68963
|
| 852 |
|
|
|a GR-PaULI
|b ΠΑΤΡΑ
|b ΤΜΗΥΠ
|h 519.4 QUA
|t 1
|
| 942 |
|
|
|2 ddc
|
| 952 |
|
|
|0 0
|1 0
|4 0
|6 519_400000000000000_QUA
|7 0
|9 140337
|a CEID
|b CEID
|d 2016-04-24
|l 0
|o 519.4 QUA
|r 2016-04-24 00:00:00
|t 1
|w 2016-04-24
|
| 999 |
|
|
|c 91770
|d 91770
|